000 00463nam a2200157Ia 4500
999 _c36588
_d36588
003 OSt
005 20201215093954.0
008 190216s9999||||xx |||||||||||||| ||und||
040 _coclc
082 _a823.92
_bAND/T
100 _aAnderson, Robert S
_97474
245 4 _aThe Hour Of The Fox /
_cRobert S Anderson
260 _bVistaar Publications,
_c1988.
_aNewdelhi:
300 _a157p
942 _cREF
_2ddc
_h823.92
_iAND/T
_k823.92
_mAND/T